[Event "7th EUR-ch (w)"]
[Site "Kusadasi TUR"]
[Date "2006.04.05"]
[Round "2"]
[White "Smochina, Carolina"]
[Black "Bensdorp, Laura"]
[Result "1-0"]
[WhiteElo "2252"]
[BlackElo "2098"]
[EventDate "2006.04.04"]
[PlyCount "95"]

1.c4 e5 2.Nc3 Bb4 3.g3 Bxc3 4.dxc3 d6 5.Bg2 Ne7 6.e4 Nbc6 7.Nf3 O-O 8.Nd2 
Be6 9.Qe2 Qd7 10.h3 Rad8 11.b3 f5 12.exf5 Bxf5 13.Ne4 Kh8 14.Bg5 Qe6 15.
O-O h6 16.Bxe7 Qxe7 17.Rad1 Be6 18.Qe3 Qe8 19.g4 Rf4 20.Ng3 g5 21.Be4 Rf8 
22.f3 Qe7 23.Kg2 Kg8 24.Rh1 Kf7 25.h4 Rh8 26.hxg5 Qxg5 27.Qd3 Ne7 28.Rh5 
Qg7 29.Bd5 Qg6 30.Be4 Qg7 31.Rdh1 Ng6 32.Bxg6+ Qxg6 33.Qxg6+ Kxg6 34.c5 
Kg7 35.cxd6 Rxd6 36.Rxe5 Rd2+ 37.Re2 Rhd8 38.Re1 Kf7 39.Rxd2 Rxd2+ 40.Re2 
Rd3 41.c4 Bd7 42.Ne4 Bc6 43.Kf2 Bxe4 44.Rxe4 Rd2+ 45.Re2 Rd3 46.Kg3 a5 47.
Re5 b6 48.Rd5 1-0

[Event "7th EUR-ch (w)"]
[Site "Kusadasi TUR"]
[Date "2006.04.09"]
[Round "6"]
[White "Vasylevich, Tatiana"]
[Black "Jurgens, Vera"]
[Result "1/2-1/2"]
[WhiteElo "2395"]
[BlackElo "2330"]
[EventDate "2006.04.04"]
[PlyCount "41"]

1.d4 Nf6 2.c4 g6 3.Nc3 Bg7 4.e4 O-O 5.Nf3 c6 6.Bd3 d6 7.h3 a6 8.O-O b5 9.
cxb5 axb5 10.Be3 Nfd7 11.a3 Nb6 12.b3 Na6 13.b4 Be6 14.Nd2 f5 15.f3 f4 16.
Bf2 d5 17.e5 Qd7 18.Qe2 Bf5 19.Rfb1 Nc7 20.Nb3 Ne6 21.Bxf5 1/2-1/2

[Event "7th EUR-ch (w)"]
[Site "Kusadasi TUR"]
[Date "2006.04.09"]
[Round "6"]
[White "Tsoganova, Monika"]
[Black "Kachiani-Gersinska, Ketino"]
[Result "1/2-1/2"]
[WhiteElo "2267"]
[BlackElo "2421"]
[EventDate "2006.04.04"]
[PlyCount "97"]

1.d4 Nf6 2.c4 g6 3.Nc3 Bg7 4.e4 d6 5.Be2 O-O 6.Nf3 e5 7.O-O Na6 8.Be3 c6 
9.a3 Qe8 10.dxe5 dxe5 11.h3 Nh5 12.Re1 Nf4 13.Bf1 Qe7 14.Qc2 Qf6 15.Bxf4 
Qxf4 16.Re3 Nc5 17.Rd1 Qf6 18.b4 Ne6 19.Ne2 a5 20.c5 axb4 21.axb4 Bh6 22.
Red3 Nc7 23.Rd6 Be6 24.Nc1 Ra3 25.Qb2 Rxf3 26.gxf3 Qg5+ 27.Kh1 Qh4 28.Rxe6
Nxe6 29.Nd3 Bg7 30.b5 Ng5 31.Ne1 Nxh3 32.Bxh3 Qxh3+ 33.Kg1 cxb5 34.Qxb5 
Bh6 35.Qxb7 Bf4 36.Qd7 f5 37.Ng2 Qh2+ 38.Kf1 Qh1+ 39.Ke2 Qxg2 40.Qe6+ Kh8 
41.Qe7 Rb8 42.Qf6+ Kg8 43.Rd8+ Rxd8 44.Qxd8+ Kg7 45.Qe7+ Kh6 46.Qh4+ Kg7 
47.Qe7+ Kh6 48.Qh4+ Kg7 49.Qe7+ 1/2-1/2

[Event "7th EUR-ch (w)"]
[Site "Kusadasi TUR"]
[Date "2006.04.10"]
[Round "7"]
[White "Khurtsidze, Nino"]
[Black "Calotescu, Ana-Cristina"]
[Result "1-0"]
[WhiteElo "2426"]
[BlackElo "2325"]
[EventDate "2006.04.04"]
[PlyCount "117"]

1.d4 Nf6 2.c4 g6 3.Nc3 Bg7 4.e4 d6 5.Nf3 O-O 6.h3 c5 7.d5 e6 8.Bd3 Na6 9.
O-O Nc7 10.Be3 exd5 11.exd5 Nd7 12.Qd2 a6 13.Bh6 Rb8 14.Rae1 b5 15.b3 f6 
16.Ne4 Ne8 17.Bxg7 Kxg7 18.Qc3 b4 19.Qb2 Kg8 20.Nh2 f5 21.Nd2 Ne5 22.Bc2 
Qf6 23.Qa1 Ng7 24.f4 Nd7 25.Re3 Qxa1 26.Rxa1 Nf6 27.g3 Kf7 28.a3 Re8 29.
Nhf1 bxa3 30.Rxa3 Bb7 31.Kf2 h6 32.Ra1 Ngh5 33.Rae1 Rxe3 34.Nxe3 Re8 35.
Rg1 Bc8 36.Kf3 Ng7 37.g4 Re7 38.Kf2 Re8 39.Kf3 Re7 40.Bd3 Re8 41.Ra1 Rg8 
42.gxf5 Nxf5 43.Bxf5 gxf5 44.Ra4 Nh5 45.Nef1 Ke7 46.b4 cxb4 47.Rxb4 Nf6 
48.Ng3 Rf8 49.Nb3 Nd7 50.Nd4 Nc5 51.Rb8 Kd7 52.Rb1 Kc7 53.Re1 Ne4 54.Nxe4 
fxe4+ 55.Rxe4 Bxh3 56.Ne6+ Bxe6 57.dxe6 Rg8 58.f5 Kd8 59.f6 1-0

[Event "7th EUR-ch (w)"]
[Site "Kusadasi TUR"]
[Date "2006.04.12"]
[Round "8"]
[White "Peptan, Corina-Isabela"]
[Black "Atalik, Ekaterina"]
[Result "0-1"]
[WhiteElo "2408"]
[BlackElo "2393"]
[EventDate "2006.04.04"]
[PlyCount "174"]

1.e4 e5 2.Nf3 Nc6 3.Bb5 a6 4.Ba4 Nf6 5.O-O Nxe4 6.d4 b5 7.Bb3 d5 8.dxe5 
Be6 9.c3 Bc5 10.Qe2 O-O 11.Be3 Bg4 12.Rd1 Bxe3 13.Qxe3 Be6 14.Nbd2 Nxd2 
15.Rxd2 Na5 16.Nd4 Qe7 17.f4 c5 18.Nf3 Rad8 19.Rad1 Nxb3 20.axb3 Rc8 21.
Ra1 Qb7 22.b4 d4 23.cxd4 cxb4 24.Ng5 Bd5 25.f5 f6 26.Ne6 Bxe6 27.fxe6 Qd5 
28.e7 Rfe8 29.exf6 gxf6 30.Re1 b3 31.Qg3+ Kh8 32.Qf4 Rc6 33.Kf2 Qd6 34.Qf3
Rc2 35.Ree2 Rxe7 36.Rxc2 bxc2 37.Rxc2 Qxd4+ 38.Kf1 Qe5 39.Rc8+ Kg7 40.Qg4+
Qg5 41.Qxg5+ fxg5 42.Rc6 Rf7+ 43.Ke2 Rf6 44.Rc5 Kg6 45.h3 Rb6 46.b4 h5 47.
Ke3 h4 48.Rc8 Re6+ 49.Kd3 Kf5 50.Rf8+ Ke5 51.Ke3 Rc6 52.Re8+ Kd5 53.Kd3 
Rg6 54.Re4 Rd6 55.Re8 Rg6 56.Re4 Rf6 57.Rg4 Rf5 58.Ke3 Ke5 59.Re4+ Kf6 60.
Rd4 Re5+ 61.Kf3 Re6 62.g3 hxg3 63.Kxg3 Rc6 64.h4 gxh4+ 65.Rxh4 Ke5 66.Kf3 
Rc4 67.Rh6 Kd4 68.Rxa6 Kc3 69.Ra1 Rxb4 70.Ra5 Rb1 71.Ke2 b4 72.Rd5 b3 73.
Rd3+ Kb2 74.Kd2 Rh1 75.Rd8 Kb1 76.Rb8 b2 77.Rb7 Rh2+ 78.Kd1 Rh5 79.Ra7 
Rd5+ 80.Ke2 Rd4 81.Ke3 Rb4 82.Kd2 Rb5 83.Ra8 Rd5+ 84.Ke3 Kc2 85.Rc8+ Kb3 
86.Rb8+ Kc3 87.Rc8+ Kb4 0-1

[Event "7th EUR-ch (w)"]
[Site "Kusadasi TUR"]
[Date "2006.04.12"]
[Round "8"]
[White "Danielian, Elina"]
[Black "Bosboom-Lanchava, Tea"]
[Result "0-1"]
[WhiteElo "2422"]
[BlackElo "2380"]
[EventDate "2006.04.04"]
[PlyCount "102"]

1.d4 f5 2.Nf3 Nf6 3.c4 g6 4.g3 Bg7 5.Bg2 O-O 6.O-O d6 7.Nc3 Nc6 8.d5 Na5 
9.Qd3 e5 10.dxe6 Bxe6 11.b3 h6 12.Bb2 Nc6 13.Rfd1 Bf7 14.Nd4 Nxd4 15.Qxd4 
Ne4 16.Qxg7+ Kxg7 17.Nxe4+ Kg8 18.Nf6+ Kg7 19.Nd5+ Kh7 20.Nf6+ Kg7 21.Bxb7
Rb8 22.Nd7+ Kh7 23.Nxb8 Qxb8 24.Bd5 f4 25.Bxf7 Rxf7 26.Rd2 Qc8 27.Rad1 Qh3
28.Rd4 Rf5 29.Rd5 Rh5 30.Rxh5 Qxh5 31.f3 fxg3 32.hxg3 Qa5 33.Kf2 Qxa2 34.
Bd4 Qxb3 35.Rd3 Qa4 36.Re3 Kg8 37.Re7 Qxc4 38.Bxa7 c5 39.Bb8 Qb4 40.Bc7 
Qa4 41.Re4 Qc6 42.Ba5 d5 43.Re5 Qa4 44.Bc3 d4 45.Bd2 Qc2 46.Bxh6 d3 47.Kf1
Qd1+ 48.Kf2 d2 49.Kg2 Qa1 50.Re8+ Kf7 51.Rf8+ Ke7 0-1

[Event "7th EUR-ch (w)"]
[Site "Kusadasi TUR"]
[Date "2006.04.12"]
[Round "8"]
[White "Dworakowska, Joanna"]
[Black "Dembo, Yelena"]
[Result "0-1"]
[WhiteElo "2364"]
[BlackElo "2464"]
[EventDate "2006.04.04"]
[PlyCount "64"]

1.e4 c5 2.Nf3 Nc6 3.d4 cxd4 4.Nxd4 Nf6 5.Nc3 d6 6.Bg5 Bd7 7.Nb3 e6 8.Nb5 
Qb8 9.Bxf6 gxf6 10.Qh5 a6 11.Nc3 b5 12.Bd3 b4 13.Ne2 Ne5 14.O-O Rg8 15.Ng3
Qb6 16.Qe2 Bc6 17.c4 a5 18.Kh1 a4 19.Nc1 Qd4 20.f4 Ng4 21.Rf3 h5 22.h3 Ra5
23.Qd2 Nf2+ 24.Kh2 h4 25.Nge2 Qc5 26.a3 Nxe4 27.Qxb4 Nd2 28.Qxd2 Bxf3 29.
Ng1 Rxg2+ 30.Qxg2 Bxg2 31.Kxg2 Qe3 32.Nge2 Bh6 0-1

[Event "7th EUR-ch (w)"]
[Site "Kusadasi TUR"]
[Date "2006.04.12"]
[Round "8"]
[White "Zhukova, Natalia"]
[Black "Celuskina, Irina"]
[Result "1/2-1/2"]
[WhiteElo "2425"]
[BlackElo "2320"]
[EventDate "2006.04.04"]
[PlyCount "52"]

1.d4 Nf6 2.Nf3 e6 3.g3 Be7 4.Bg2 O-O 5.c4 d5 6.O-O c6 7.Qc2 a5 8.c5 b6 9.
cxb6 Qxb6 10.Nc3 Ba6 11.Rd1 Nbd7 12.Bg5 h6 13.Bxf6 Bxf6 14.e4 Rfc8 15.Rac1
Rab8 16.Na4 Qb4 17.b3 c5 18.dxc5 dxe4 19.Rxd7 Bb5 20.Rdd1 exf3 21.Bxf3 
Bxa4 22.bxa4 Bb2 23.Rb1 Rxc5 24.Qe2 Re5 25.Qc2 Rc5 26.Qe2 Re5 1/2-1/2

[Event "7th EUR-ch (w)"]
[Site "Kusadasi TUR"]
[Date "2006.04.12"]
[Round "8"]
[White "Zawadzka, Jolanta"]
[Black "Houska, Jovanka"]
[Result "1-0"]
[WhiteElo "2389"]
[BlackElo "2378"]
[EventDate "2006.04.04"]
[PlyCount "83"]

1.e4 c6 2.d4 d5 3.Nc3 dxe4 4.Nxe4 Nd7 5.Ng5 Ngf6 6.Bd3 e6 7.N1f3 Bd6 8.Qe2
h6 9.Ne4 Nxe4 10.Qxe4 Nf6 11.Qe2 Qc7 12.Bd2 b6 13.O-O-O Bb7 14.Ne5 O-O-O 
15.f4 Kb8 16.Rhf1 c5 17.dxc5 Bxc5 18.Kb1 Nd5 19.a3 Rhf8 20.h4 Rd6 21.g4 f6
22.Ng6 Rfd8 23.g5 Ne7 24.Nxe7 Qxe7 25.gxh6 gxh6 26.Rde1 Qd7 27.Bc3 Rf8 28.
Bc4 Bc8 29.Rd1 Qe7 30.Qe4 Rfd8 31.Rxd6 Bxd6 32.Qg6 Qc7 33.Bb3 Ba6 34.Re1 
Bxf4 35.Qxf6 Bg3 36.Rxe6 Bc4 37.Bxc4 Rd1+ 38.Ka2 Qxc4+ 39.b3 Qd5 40.Qh8+ 
Kb7 41.Re7+ Bc7 42.Be5 1-0

[Event "7th EUR-ch (w)"]
[Site "Kusadasi TUR"]
[Date "2006.04.12"]
[Round "8"]
[White "Pahtz, Elisabeth"]
[Black "Turova, Irina"]
[Result "1-0"]
[WhiteElo "2438"]
[BlackElo "2362"]
[EventDate "2006.04.04"]
[PlyCount "155"]

1.e4 e5 2.Nf3 Nc6 3.Bb5 Nf6 4.d3 d6 5.c3 g6 6.Nbd2 Bg7 7.Nf1 O-O 8.Ng3 Ne7
9.O-O c6 10.Ba4 Nd7 11.d4 Nb6 12.dxe5 dxe5 13.Bb3 Qxd1 14.Rxd1 Bg4 15.Be3 
Rad8 16.Rxd8 Rxd8 17.Ng5 Rf8 18.h3 Bc8 19.a4 h6 20.Nf3 Bd7 21.Rd1 Rd8 22.
h4 Kf8 23.h5 Ke8 24.hxg6 fxg6 25.Bxb6 axb6 26.Rd6 Ra8 27.Nh4 b5 28.axb5 
Ra1+ 29.Kh2 Rb1 30.Nxg6 Rxb2 31.Be6 Bxe6 32.Rxe6 Kf7 33.Rxe7+ Kxg6 34.bxc6
bxc6 35.f3 Rb6 36.Nf5 Bf6 37.Re6 Kf7 38.Rd6 h5 39.Ng3 Be7 40.Rh6 h4 41.Nf5
Bf6 42.c4 Rb4 43.c5 Ke6 44.Ne3 Ke7 45.Ng4 Bg5 46.Rxc6 Rb1 47.Nh6 Bf4+ 48.
Kh3 Kd7 49.Rg6 Rh1+ 50.Kg4 Rh2 51.Kf5 h3 52.gxh3 Rxh3 53.Nf7 Rh5+ 54.Kg4 
Rh1 55.c6+ Kc7 56.Ng5 Bd2 57.Nf7 Bc3 58.Kf5 Rh3 59.Ng5 Rh1 60.Re6 Rf1 61.
Rf6 Bb2 62.Ke6 Kxc6 63.Nf7 Kc5 64.Nxe5 Kd4 65.Rf7 Ra1 66.Ng4 Ra6+ 67.Kf5 
Kd3 68.e5 Ra5 69.f4 Bc1 70.Rd7+ Ke2 71.Nf6 Ra4 72.Nd5 Ra5 73.e6 Ba3 74.e7 
Bxe7 75.Rxe7+ Kf3 76.Re5 Ra8 77.Re3+ Kf2 78.Rb3 1-0

[Event "7th EUR-ch (w)"]
[Site "Kusadasi TUR"]
[Date "2006.04.12"]
[Round "8"]
[White "Gaponenko, Inna"]
[Black "Kursova, Maria"]
[Result "1/2-1/2"]
[WhiteElo "2430"]
[BlackElo "2333"]
[EventDate "2006.04.04"]
[PlyCount "46"]

1.e4 c5 2.Nf3 e6 3.d4 cxd4 4.Nxd4 Nc6 5.Nf3 Nf6 6.Bd3 d5 7.exd5 Nxd5 8.a3 
Qc7 9.O-O Be7 10.c4 Nf4 11.Be4 O-O 12.Nc3 a6 13.Re1 Ng6 14.Ng5 Nce5 15.
Bxg6 Nxg6 16.Qe2 h6 17.Nf3 b6 18.Be3 Rb8 19.Bd4 Bb7 20.Ne5 Nh4 21.f3 Nf5 
22.Bf2 Bc5 23.Rad1 Rbd8 1/2-1/2

[Event "7th EUR-ch (w)"]
[Site "Kusadasi TUR"]
[Date "2006.04.12"]
[Round "8"]
[White "Botsari, Anna-Maria"]
[Black "Javakhishvili, Lela"]
[Result "1/2-1/2"]
[WhiteElo "2341"]
[BlackElo "2410"]
[EventDate "2006.04.04"]
[PlyCount "45"]

1.d4 Nf6 2.c4 e6 3.Nc3 Bb4 4.Qc2 O-O 5.a3 Bxc3+ 6.Qxc3 b6 7.Bg5 c5 8.dxc5 
bxc5 9.e3 d6 10.Rd1 Nbd7 11.Ne2 Qb6 12.Qc2 Rb8 13.Rd2 Ba6 14.Nc3 Qb3 15.
Qxb3 Rxb3 16.Bxf6 gxf6 17.Rxd6 Nb6 18.Nd1 Rc8 19.a4 Kf8 20.a5 Ke7 21.Rd3 
Rxd3 22.Bxd3 Bxc4 23.axb6 1/2-1/2

[Event "7th EUR-ch (w)"]
[Site "Kusadasi TUR"]
[Date "2006.04.12"]
[Round "8"]
[White "Muzychuk, Maria"]
[Black "Lomineishvili, Maia"]
[Result "1-0"]
[WhiteElo "2172"]
[BlackElo "2395"]
[EventDate "2006.04.04"]
[PlyCount "139"]

1.e4 c5 2.Nc3 Nc6 3.g3 g6 4.Bg2 Bg7 5.f4 d6 6.Nf3 e6 7.d3 Nge7 8.Be3 O-O 
9.O-O Rb8 10.Bf2 b5 11.d4 b4 12.Ne2 Ba6 13.Re1 d5 14.e5 Bxe2 15.Qxe2 cxd4 
16.Nxd4 Nxd4 17.Bxd4 Nc6 18.Bc5 Re8 19.Qf2 a5 20.c4 bxc3 21.bxc3 Bf8 22.
Bxf8 Rxf8 23.c4 Ne7 24.Rad1 Qd7 25.cxd5 Nxd5 26.Rd2 Rb5 27.Red1 Rfb8 28.
Be4 Qe7 29.Bxd5 Rxd5 30.Rxd5 exd5 31.Rxd5 Rb1+ 32.Kg2 Qb7 33.Qf3 Rb2+ 34.
Kh3 Qc8+ 35.g4 Qc2 36.Qg3 h5 37.e6 fxe6 38.Rxa5 hxg4+ 39.Kxg4 Qe4 40.Kh3 
Kf7 41.Ra7+ Kg8 42.Ra5 Rd2 43.Re5 Qb1 44.Kh4 Kf7 45.Rxe6 Rd8 46.Qe1 Qxa2 
47.Re7+ Kg8 48.Re2 Qc4 49.Re4 Qb5 50.Re5 Qb2 51.Kg5 Qg2+ 52.Qg3 Qxg3+ 53.
hxg3 Kf7 54.Ra5 Rd7 55.Kh6 Rd6 56.Ra7+ Kf6 57.g4 Rd4 58.g5+ Ke6 59.Ra6+ 
Kf7 60.Rf6+ Ke7 61.Kxg6 Rd8 62.Rf7+ Ke6 63.f5+ Ke5 64.Re7+ Kf4 65.f6 Rd5 
66.Kh6 Rd6 67.Re1 Kf5 68.Rf1+ Ke6 69.f7 Ke7+ 70.Kg7 1-0

[Event "7th EUR-ch (w)"]
[Site "Kusadasi TUR"]
[Date "2006.04.12"]
[Round "8"]
[White "Peng Zhaoqin"]
[Black "Zdebskaya, Natalia"]
[Result "1-0"]
[WhiteElo "2395"]
[BlackElo "2332"]
[EventDate "2006.04.04"]
[PlyCount "113"]

1.d4 Nf6 2.c4 e6 3.Nf3 b6 4.g3 Bb7 5.Bg2 Be7 6.Nc3 Ne4 7.Bd2 f5 8.d5 O-O 
9.Qc2 exd5 10.Nxd5 Nc6 11.O-O a5 12.Rad1 Bf6 13.Be3 Nb4 14.Qb1 Nxd5 15.
cxd5 Nd6 16.Qc2 Ba6 17.Nd4 g6 18.Rfe1 Re8 19.Bf4 Rc8 20.b3 Qe7 21.h4 Qg7 
22.Nf3 Bc3 23.Bd2 Ne4 24.Rc1 Nxd2 25.Nxd2 Bb4 26.e3 Qe7 27.Bf1 Bxf1 28.
Rxf1 Qd6 29.Qd3 Bxd2 30.Qxd2 c6 31.Rfd1 cxd5 32.Rxc8 Rxc8 33.Qxd5+ Qxd5 
34.Rxd5 Rc7 35.Rd6 Rc2 36.a4 Rc6 37.Rxd7 Rc3 38.b4 axb4 39.Rd4 Rb3 40.Kg2 
Rb1 41.Kf3 Kf7 42.Kf4 Rb2 43.f3 Ke6 44.Kg5 Rb3 45.g4 Ke5 46.f4+ Ke6 47.
gxf5+ gxf5 48.h5 Rb1 49.Kh6 b3 50.Rb4 b2 51.Kxh7 Kf7 52.Rxb6 Rh1 53.Rb7+ 
Kf6 54.Rxb2 Rxh5+ 55.Kg8 Rh3 56.Rb3 Ke7 57.a5 1-0

[Event "7th EUR-ch (w)"]
[Site "Kusadasi TUR"]
[Date "2006.04.12"]
[Round "8"]
[White "Jurgens, Vera"]
[Black "Mkrtchian, Lilit"]
[Result "0-1"]
[WhiteElo "2330"]
[BlackElo "2453"]
[EventDate "2006.04.04"]
[PlyCount "122"]

1.d4 e6 2.Nf3 c5 3.c3 d5 4.g3 Nc6 5.Bg2 Nf6 6.O-O Be7 7.dxc5 Bxc5 8.Bg5 h6
9.Bxf6 Qxf6 10.Nbd2 O-O 11.e4 Rd8 12.Qe2 Bb6 13.Rad1 Bd7 14.Nb3 dxe4 15.
Qxe4 e5 16.Qe2 Bg4 17.h3 Bh5 18.Nbd2 Qe6 19.g4 Bg6 20.Nc4 Bc7 21.Nh4 Bh7 
22.Be4 Bxe4 23.Qxe4 Rd7 24.Rxd7 Qxd7 25.Ne3 Rd8 26.Nhf5 Qe6 27.a3 Bb6 28.
Nc4 g6 29.Nxh6+ Kg7 30.Nxb6 axb6 31.Qe3 e4 32.g5 Rd3 33.Qf4 Rxh3 34.Kg2 
Rf3 35.Qg4 Qxg4+ 36.Nxg4 Rf5 37.Kg3 Rxg5 38.Kf4 Rb5 39.b4 g5+ 40.Ke3 Rf5 
41.Rg1 Rf4 42.Nh2 Kf6 43.f3 Kf5 44.Rf1 Ke5 45.Rg1 f6 46.c4 exf3 47.Nxf3+ 
Ke6 48.Rc1 Ne5 49.Nxe5 Kxe5 50.c5 Re4+ 51.Kf3 g4+ 52.Kg3 f5 53.cxb6 Re3+ 
54.Kf2 Rxa3 55.Rc7 Rb3 56.Rxb7 Rxb4 57.Rb8 Kf4 58.b7 Rb2+ 59.Kf1 g3 60.Rc8
Rxb7 61.Rc4+ Kf3 0-1

[Event "7th EUR-ch (w)"]
[Site "Kusadasi TUR"]
[Date "2006.04.12"]
[Round "8"]
[White "Vasylevich, Tatiana"]
[Black "Nill, Jessica"]
[Result "1/2-1/2"]
[WhiteElo "2395"]
[BlackElo "2339"]
[EventDate "2006.04.04"]
[PlyCount "170"]

1.d4 d5 2.c4 c6 3.Nf3 Nf6 4.Nc3 a6 5.h3 Qc7 6.e3 e6 7.Qc2 Nbd7 8.Bd3 dxc4 
9.Bxc4 c5 10.Qe2 b5 11.Bb3 Bb7 12.a3 Be7 13.O-O O-O 14.e4 cxd4 15.Nxd4 
Rfd8 16.Rd1 Ne5 17.Bc2 Nc6 18.Be3 Rac8 19.Rac1 Nxd4 20.Bxd4 e5 21.Be3 
Rxd1+ 22.Bxd1 Qd8 23.Bb3 h6 24.Rd1 Qe8 25.Nd5 Bxd5 26.exd5 Bd6 27.Qf3 Nd7 
28.Qg4 Kh8 29.a4 Nc5 30.Rc1 Nd7 31.Bc2 Rc4 32.Qe2 Qc8 33.axb5 axb5 34.b3 
Rc3 35.Qd2 Bf8 36.Bd3 Rxc1+ 37.Qxc1 Qxc1+ 38.Bxc1 b4 39.Kf1 Bd6 40.Ke2 Nf6
41.Bc4 Kg8 42.g4 Kf8 43.f3 Ke7 44.Kd3 Bc5 45.g5 Ng8 46.Ke4 Bd6 47.h4 hxg5 
48.hxg5 f6 49.Kf5 fxg5 50.Bxg5+ Kf7 51.Ke4 Nf6+ 52.Kd3 Kg6 53.Be3 Kf5 54.
Bd2 e4+ 55.Ke2 Ke5 56.f4+ Kf5 57.Kf2 Nh5 58.Bb5 Nxf4 59.Bd7+ Ke5 60.Bxf4+ 
Kxf4 61.Bh3 g5 62.Bg2 Ke5 63.Ke3 Bc5+ 64.Ke2 Kxd5 65.Bh3 Kd4 66.Kd2 Ke5 
67.Ke2 Kf4 68.Bg2 g4 69.Bh1 e3 70.Bc6 Kg3 71.Bd7 Kh4 72.Bc6 Kg5 73.Bd7 Kf4
74.Bc8 Be7 75.Bd7 Bf6 76.Bc8 Bh4 77.Bd7 Bf2 78.Bc8 g3 79.Bb7 Ke5 80.Kd3 
Bg1 81.Bg2 Kd6 82.Bb7 Ke5 83.Bg2 Kf4 84.Ke2 Kg4 85.Kd3 Bf2 1/2-1/2

[Event "7th EUR-ch (w)"]
[Site "Kusadasi TUR"]
[Date "2006.04.12"]
[Round "8"]
[White "Muhren, Bianca"]
[Black "Zozulia, Anna"]
[Result "1/2-1/2"]
[WhiteElo "2253"]
[BlackElo "2355"]
[EventDate "2006.04.04"]
[PlyCount "197"]

1.e4 c5 2.Nf3 Nc6 3.d4 cxd4 4.Nxd4 e5 5.Nb5 d6 6.N1c3 a6 7.Na3 Be6 8.Nc4 
Rc8 9.Ne3 Be7 10.g3 h5 11.Bg2 h4 12.O-O h3 13.Bh1 Nf6 14.Ncd5 g6 15.c3 Kf8
16.a4 Kg7 17.a5 Bxd5 18.Nxd5 Nxd5 19.Qxd5 Bg5 20.Bxg5 Qxg5 21.f4 Qg4 22.f5
f6 23.fxg6 Qxg6 24.Rf5 Qh6 25.Re1 Rcd8 26.Bf3 Qg6 27.Bd1 Qf7 28.Ref1 Rh6 
29.Rg5+ Kf8 30.b4 Qxd5 31.exd5 Ne7 32.c4 Rc8 33.Bb3 Ke8 34.Rg7 Kf8 35.Rg4 
f5 36.Re4 Kg7 37.Re2 Kf6 38.Rc2 e4 39.Kf2 Ke5 40.Ke3 Rhh8 41.Rd2 Ng8 42.
Rd4 Nf6 43.Bd1 Rhg8 44.Be2 Rcf8 45.Rf4 Rf7 46.Rd1 Rg5 47.Rdf1 Rf8 48.Rh4 
Rc8 49.Rxh3 Ng4+ 50.Bxg4 fxg4 51.Rh6 Rxc4 52.Rd1 Rc3+ 53.Ke2 Kf5 54.Rf1+ 
Rf3 55.Rxd6 Rh5 56.Rf2 Rxf2+ 57.Kxf2 Rxh2+ 58.Kf1 Ke5 59.Rd7 Rb2 60.Rxb7 
Kxd5 61.Rb6 Kd4 62.Rxa6 Rxb4 63.Rg6 Rb1+ 64.Ke2 Rb2+ 65.Kf1 Kd3 66.Rb6 Ra2
67.Rb3+ Kc4 68.Rb8 Rxa5 69.Ke2 Ra3 70.Rc8+ Kd5 71.Rd8+ Ke5 72.Re8+ Kd4 73.
Rd8+ Kc5 74.Rc8+ Kd6 75.Re8 Kd5 76.Rd8+ Ke5 77.Re8+ Kf5 78.Rf8+ Ke6 79.
Re8+ Kf6 80.Rxe4 Rxg3 81.Kf2 Rf3+ 82.Kg2 Kf5 83.Ra4 Rb3 84.Rc4 Rb5 85.Ra4 
Kg5 86.Ra2 Kh4 87.Rc2 Rb3 88.Ra2 Rb4 89.Rc2 Rd4 90.Ra2 g3 91.Ra8 Rd2+ 92.
Kg1 Kg4 93.Rg8+ Kf3 94.Rf8+ Ke3 95.Re8+ Kd3 96.Rd8+ Ke2 97.Rxd2+ Kxd2 98.
Kg2 Ke3 99.Kxg3 1/2-1/2

[Event "7th EUR-ch (w)"]
[Site "Kusadasi TUR"]
[Date "2006.04.12"]
[Round "8"]
[White "Topel, Zehra"]
[Black "Djingarova, Emilia"]
[Result "0-1"]
[WhiteElo "2132"]
[BlackElo "2319"]
[EventDate "2006.04.04"]
[PlyCount "115"]

1.d4 e6 2.c4 b6 3.Nf3 Bb7 4.g3 Bb4+ 5.Bd2 Bxf3 6.exf3 Bxd2+ 7.Qxd2 d5 8.
Nc3 Ne7 9.cxd5 exd5 10.Bg2 O-O 11.O-O Nd7 12.Rfe1 Nf6 13.f4 Qd7 14.h3 c6 
15.g4 Ng6 16.f5 Nh4 17.Bh1 h6 18.f4 Rae8 19.Qf2 g5 20.fxg6 Nxg6 21.f5 Ne7 
22.Qf4 Kh7 23.Bg2 Rg8 24.Re5 Nc8 25.Rae1 Nd6 26.Rxe8 Rxe8 27.Rxe8 Nfxe8 
28.h4 Qe7 29.g5 Nc4 30.Bf1 Qe3+ 31.Qxe3 Nxe3 32.Bd3 Nd6 33.f6+ Nef5 34.Ne2
hxg5 35.hxg5 Kg6 36.a4 a5 37.Kf2 Kxg5 38.Kf3 Kxf6 39.Kf4 Ng7 40.b3 Ne6+ 
41.Kg4 Ne4 42.Bc2 Nd2 43.Bd1 c5 44.Nc3 Nxd4 45.Nxd5+ Ke5 46.Nxb6 N4xb3 47.
Nd7+ Kd4 48.Kf4 c4 49.Ne5 f6 50.Nd7 Ne4 51.Bc2 Nec5 52.Nxf6 Nxa4 53.Ne4 
Nc3 54.Nd6 a4 55.Nf5+ Kc5 56.Ne3 a3 57.Bg6 Nd4 58.Ke5 0-1

[Event "7th EUR-ch (w)"]
[Site "Kusadasi TUR"]
[Date "2006.04.12"]
[Round "8"]
[White "Mamedyarova, Turkan"]
[Black "Arakhamia-Grant, Ketevan"]
[Result "0-1"]
[WhiteElo "2280"]
[BlackElo "2423"]
[EventDate "2006.04.04"]
[PlyCount "128"]

1.e4 c5 2.c3 d5 3.exd5 Qxd5 4.d4 Nf6 5.Nf3 e6 6.Bd3 Be7 7.Be3 O-O 8.O-O 
Rd8 9.Qe2 Nc6 10.Rd1 cxd4 11.cxd4 Nb4 12.Nc3 Qh5 13.Ne5 Nxd3 14.Qxh5 Nxh5 
15.Rxd3 Nf6 16.Bg5 h6 17.Bxf6 Bxf6 18.f4 b6 19.Ne4 Bb7 20.Nxf6+ gxf6 21.
Ng4 f5 22.Ne3 Be4 23.Rd2 Rac8 24.Kf2 Rd6 25.h3 h5 26.h4 f6 27.Rad1 Rcd8 
28.Ke2 Kf7 29.g3 Ke7 30.Nf1 Bd5 31.Ne3 Be4 32.Nf1 a5 33.Ne3 b5 34.Nf1 R6d7
35.Ke3 Rc8 36.Kf2 Rcd8 37.Ke3 Rc7 38.Kf2 a4 39.a3 Bd5 40.Ne3 Bb3 41.Re1 
Kf7 42.Rd3 Rcd7 43.d5 Bxd5 44.Rc1 Be4 45.Rxd7+ Rxd7 46.Ke2 e5 47.Rc5 Ke6 
48.Rc8 Rd3 49.Rc6+ Kf7 50.Rc7+ Kg6 51.fxe5 fxe5 52.Rc6+ Bxc6 53.Kxd3 Be4+ 
54.Ke2 f4 55.gxf4 exf4 56.Nd1 Kf5 57.Kf2 Kg4 58.Nc3 Bd3 59.Nd5 Bc4 60.Nf6+
Kxh4 61.Kf3 Kg5 62.Ne4+ Kf5 63.Nd2 Bd3 64.Kf2 h4 0-1

[Event "7th EUR-ch (w)"]
[Site "Kusadasi TUR"]
[Date "2006.04.12"]
[Round "8"]
[White "Calotescu, Ana-Cristina"]
[Black "Przezdziecka, Marta"]
[Result "0-1"]
[WhiteElo "2325"]
[BlackElo "2265"]
[EventDate "2006.04.04"]
[PlyCount "126"]

1.d4 e6 2.c4 b6 3.Nc3 Bb7 4.e4 Bb4 5.Bd3 f5 6.Qc2 Qh4 7.g3 Bxc3+ 8.bxc3 
Qh5 9.f3 Nf6 10.Ba3 fxe4 11.fxe4 c5 12.Ne2 Na6 13.O-O O-O 14.Nf4 Qh6 15.e5
Nh5 16.Ng2 g6 17.Rad1 Bf3 18.Rde1 Rac8 19.Be4 Bxe4 20.Qxe4 Qd2 21.Qb7 Nb8 
22.dxc5 Qxc3 23.Bc1 bxc5 24.Bh6 Ng7 25.Bxg7 Kxg7 26.Nf4 Kg8 27.Qxa7 Qxc4 
28.Rd1 Qe4 29.Rfe1 Qf5 30.Rc1 c4 31.Qd4 Nc6 32.Qe3 Ne7 33.Qd4 g5 34.Nh5 
Nd5 35.Rf1 Qd3 36.Qxd3 cxd3 37.Rxf8+ Rxf8 38.Nf6+ Nxf6 39.exf6 Rxf6 40.Rd1
Kf7 41.Rxd3 Ke7 42.a4 Rf5 43.Kg2 Rc5 44.Kf3 h5 45.h3 e5 46.Ra3 Ra5 47.Re3 
Ke6 48.Re4 Rc5 49.Re3 d5 50.Rb3 e4+ 51.Kf2 Ke5 52.Ke3 Rc4 53.Rb8 Rc3+ 54.
Kf2 Rc2+ 55.Ke1 Rh2 56.a5 e3 57.a6 Ra2 58.a7 Rxa7 59.Ke2 Ra3 60.Rb4 d4 61.
Rb8 Ra2+ 62.Kd3 Rd2+ 63.Kc4 Ke4 0-1

[Event "7th EUR-ch (w)"]
[Site "Kusadasi TUR"]
[Date "2006.04.12"]
[Round "8"]
[White "Schuurman, Petra"]
[Black "Hryhorenko, Natalia"]
[Result "1/2-1/2"]
[WhiteElo "2258"]
[BlackElo "2323"]
[EventDate "2006.04.04"]
[PlyCount "106"]

1.d4 d5 2.c4 c6 3.Nc3 dxc4 4.e3 b5 5.a4 b4 6.Ne4 Qd5 7.Nd2 c3 8.bxc3 bxc3 
9.Nb1 Qa5 10.Qc2 e5 11.Nf3 exd4 12.exd4 Nf6 13.Bc4 Ba6 14.Qe2+ Be7 15.O-O 
Bxc4 16.Qxc4 O-O 17.Bg5 Nbd7 18.Nxc3 Nb6 19.Qd3 Rfe8 20.Ne5 Nfd7 21.Bxe7 
Nxe5 22.dxe5 Rxe7 23.f4 h6 24.Ne4 Kh8 25.Nd6 Rd7 26.Qg3 Nd5 27.Nf5 Rg8 28.
Rac1 Qb6+ 29.Kh1 c5 30.a5 Qa6 31.Rfd1 g5 32.Qb3 Qe6 33.Nxh6 Qxh6 34.Rxd5 
Rxd5 35.Qxd5 gxf4 36.Rc3 f3 37.Qxf3 Rg5 38.Qf6+ Qxf6 39.exf6 Rd5 40.Kg1 
Kh7 41.Rg3 Kh6 42.Rg7 Rd7 43.Kf2 c4 44.Rg4 Rc7 45.Ke2 c3 46.Kd1 c2+ 47.Kc1
Rc6 48.Rf4 Rc5 49.Rf2 Rxa5 50.Rxc2 Kg6 51.Kd2 Ra3 52.Rc3 Ra2+ 53.Rc2 Ra3 
1/2-1/2

[Event "7th EUR-ch (w)"]
[Site "Kusadasi TUR"]
[Date "2006.04.12"]
[Round "8"]
[White "Majdan, Joanna"]
[Black "Gavasheli, Ana"]
[Result "1-0"]
[WhiteElo "2297"]
[BlackElo "2244"]
[EventDate "2006.04.04"]
[PlyCount "43"]

1.e4 d5 2.exd5 Qxd5 3.Nc3 Qa5 4.d4 c6 5.Bc4 Nf6 6.Bd2 Qc7 7.Qe2 Bf5 8.h3 
Bxc2 9.Rc1 Bg6 10.Nf3 Qd6 11.d5 cxd5 12.Nb5 Qd7 13.Ne5 Qf5 14.Nxg6 Qxg6 
15.Nd6+ Kd7 16.Bb5+ Nc6 17.Nxb7 Rc8 18.Na5 Qxg2 19.Rf1 Ne4 20.Bxc6+ Kd6 
21.Bb4+ Ke5 22.f4+ 1-0

[Event "7th EUR-ch (w)"]
[Site "Kusadasi TUR"]
[Date "2006.04.12"]
[Round "8"]
[White "Smochina, Carolina"]
[Black "Kachiani-Gersinska, Ketino"]
[Result "0-1"]
[WhiteElo "2252"]
[BlackElo "2421"]
[EventDate "2006.04.04"]
[PlyCount "92"]

1.c4 Nf6 2.Nc3 g6 3.g3 Bg7 4.Bg2 O-O 5.e4 c6 6.e5 Ne8 7.d4 d6 8.f4 dxe5 9.
dxe5 Qxd1+ 10.Nxd1 f6 11.exf6 exf6 12.b3 Nd6 13.Bb2 Re8+ 14.Kf2 Ne4+ 15.
Bxe4 Rxe4 16.Nf3 Na6 17.Nc3 Re8 18.Rhe1 Rxe1 19.Nxe1 Bf5 20.Rd1 Bf8 21.Kg2
Re8 22.Nd3 b5 23.cxb5 cxb5 24.Nf2 Nc7 25.g4 Bc8 26.Kf1 f5 27.gxf5 Bxf5 28.
Nd5 Nxd5 29.Rxd5 a6 30.Be5 Rc8 31.a4 b4 32.Nd3 Be6 33.Rd4 Bxb3 34.Nxb4 
Bxa4 35.Nd5 Bb5+ 36.Kg2 Rc2+ 37.Kg3 Bc5 38.Ne3 Re2 39.Rd8+ Kf7 40.Nd5 Rd2 
41.Bc7 Rd3+ 42.Kg4 Bc6 43.Nf6 Rxd8 44.Bxd8 Be7 45.Bxe7 Kxe7 46.Nxh7 a5 0-1

[Event "7th EUR-ch (w)"]
[Site "Kusadasi TUR"]
[Date "2006.04.12"]
[Round "8"]
[White "Umudova, Nargiz"]
[Black "Melia, Salome"]
[Result "0-1"]
[WhiteElo "2174"]
[BlackElo "2391"]
[EventDate "2006.04.04"]
[PlyCount "66"]

1.Nf3 Nf6 2.g3 b6 3.Bg2 Bb7 4.O-O e6 5.d3 Be7 6.c4 O-O 7.b3 c5 8.Bb2 Nc6 
9.Nc3 d5 10.e3 Qd7 11.Qe2 Rfe8 12.Rfd1 Rad8 13.h3 Qc8 14.Rac1 d4 15.exd4 
cxd4 16.Ne4 Nxe4 17.dxe4 e5 18.a3 Qe6 19.Ne1 Rc8 20.Bf3 g6 21.Kh2 Na5 22.
Qd3 Rf8 23.Rc2 Rc7 24.Bg2 Rd8 25.h4 Ba6 26.Nf3 b5 27.Bh3 Qf6 28.Nxe5 Qxe5 
29.Bxd4 Qh5 30.g4 Qxh4 31.cxb5 Bxb5 32.Qxb5 Rxc2 33.Qxa5 Rxf2+ 0-1